Applis par ses deux premières lettres - Statistiques

Statistiques générales
  • Ce quiz a été pris 534 fois
  • Le résultat moyen est 10 sur 20
Statistiques - réponses
Réseaux Sociaux Nombre de lettres Réponse % Correct
IN 9 Instagram
99%
FA 8 Facebook
98%
TW 7 Twitter
98%
YO 7 Youtube
87%
TI 6 TikTok
75%
SN 8 Snapchat
69%
WH 8 WhatsApp
69%
TI 6 Tinder
59%
UB 4 Uber
56%
ME 9 Messenger
50%
TW 6 Twitch
30%
SP 7 Spotify
29%
LI 8 LinkedIn
27%
TE 8 Telegram
27%
DI 7 Discord
24%
WA 4 Waze
23%
AM 6 Amazon
22%
NE 7 Netflix
22%
YU 4 Yuka
17%
SH 6 Shazam
16%
Aucun quiz correspondant
Distribution des résultats
% des personnes avec chaque résultat
Percentile par nombre de réponses
Votre historique - résultats
Vous n’avez pas pris ce quiz